Statistics for 'Where is Love?' from Oliver!

Click here to take the quiz!

General Stats

  • This quiz has been taken 16 times
  • The average score is 18 of 20

Answer Stats

HintAnswer% Correct
That's meant for only __?me
100%
Who I close my eyes to ____?see
100%
Where is ___?she
100%
_____ is love?Where
100%
______?Where
100%
______ is love?Where
100%
______...?Where
100%
_______ is love?Where
100%
Must I travel far and ____?wide
100%
Must I travel...far and _____?wide
100%
That I've been _______ of?dreaming
93%
Does it ____ from skies above?fall
93%
Will I ever know the sweet "_____"hello
93%
Who can say where she may ____?hide
87%
Who can say where...she may ____?hide
87%
Is it underneath the ______ treewillow
80%
I can _____ something to ...mean
73%
I can _____...something to...mean
73%
'Til I am ______...the someone whobeside
60%
'Til I am ______ the someone whobeside
60%

Score Distribution

Percentile by Number Answered

Percent of People with Each Score

Your Score History

You have not taken this quiz